<?xml version="1.0" encoding="UTF-8"?>
<record
    xmlns:xsi="http://www.w3.org/2001/XMLSchema-instance"
    xsi:schemaLocation="http://www.loc.gov/MARC21/slim http://www.loc.gov/standards/marcxml/schema/MARC21slim.xsd"
    xmlns="http://www.loc.gov/MARC21/slim">

  <leader>02114aam a2200349 i 4500</leader>
  <controlfield tag="001">768714001</controlfield>
  <controlfield tag="003">CO-MdFUSB</controlfield>
  <controlfield tag="005">20240209112319.0</controlfield>
  <controlfield tag="007">ta</controlfield>
  <controlfield tag="008">231010t19831983flu||||g |||| 00| 0 spa d</controlfield>
  <datafield tag="020" ind1=" " ind2=" ">
    <subfield code="a">082971085X</subfield>
  </datafield>
  <datafield tag="040" ind1=" " ind2=" ">
    <subfield code="a">CO-MdFUSB</subfield>
    <subfield code="b">spa</subfield>
    <subfield code="c">CO-MdFUSB</subfield>
    <subfield code="d">CO-MdFUSBC</subfield>
    <subfield code="e">rda</subfield>
  </datafield>
  <datafield tag="041" ind1=" " ind2=" ">
    <subfield code="a">spa</subfield>
    <subfield code="h">eng</subfield>
  </datafield>
  <datafield tag="082" ind1=" " ind2=" ">
    <subfield code="2">23</subfield>
    <subfield code="a">248.32</subfield>
    <subfield code="b">B765</subfield>
  </datafield>
  <datafield tag="100" ind1=" " ind2=" ">
    <subfield code="a">Bounds, Edward M.</subfield>
    <subfield code="e">autor</subfield>
  </datafield>
  <datafield tag="240" ind1=" " ind2=" ">
    <subfield code="a">The best of E. M Bounds</subfield>
  </datafield>
  <datafield tag="245" ind1=" " ind2=" ">
    <subfield code="a">Orad sin cesar</subfield>
    <subfield code="b"> : antolog&#xED;a de sus escritos acerca de la oraci&#xF3;n</subfield>
    <subfield code="c">/ E. M. Bounds ; traducido por David R. Powell</subfield>
  </datafield>
  <datafield tag="250" ind1=" " ind2=" ">
    <subfield code="a">edici&#xF3;n en idioma castellano</subfield>
  </datafield>
  <datafield tag="264" ind1=" " ind2="1">
    <subfield code="a">Miami, Florida : </subfield>
    <subfield code="b">Vida,</subfield>
    <subfield code="c">[1983]</subfield>
  </datafield>
  <datafield tag="264" ind1=" " ind2="4">
    <subfield code="c">&#xA9;1983</subfield>
  </datafield>
  <datafield tag="300" ind1=" " ind2=" ">
    <subfield code="a">224 p&#xE1;ginas</subfield>
    <subfield code="c">; 18 cm</subfield>
  </datafield>
  <datafield tag="336" ind1=" " ind2=" ">
    <subfield code="2">rdacontent</subfield>
    <subfield code="a">texto</subfield>
    <subfield code="b">txt</subfield>
  </datafield>
  <datafield tag="337" ind1=" " ind2=" ">
    <subfield code="2">rdamedia</subfield>
    <subfield code="a">sin mediaci&#xF3;n</subfield>
    <subfield code="b">n</subfield>
  </datafield>
  <datafield tag="338" ind1=" " ind2=" ">
    <subfield code="2">rdacarrier</subfield>
    <subfield code="a">volumen</subfield>
    <subfield code="b">nc</subfield>
  </datafield>
  <datafield tag="504" ind1=" " ind2=" ">
    <subfield code="a">Incluye &#xED;ndice</subfield>
  </datafield>
  <datafield tag="505" ind1=" " ind2=" ">
    <subfield code="t">Extractos de la necesidad de la oraci&#xF3;n.</subfield>
    <subfield code="a">La oraci&#xF3;n y la palabra de Dios -- La oraci&#xF3;n y la Fe.</subfield>
    <subfield code="t">Extractos de los elementos esenciales de la oraci&#xF3;n.</subfield>
    <subfield code="a">La oraci&#xF3;n y la humildad -- La oraci&#xF3;n y la devoci&#xF3;n -- La oraci&#xF3;n, la alabanza y la acci&#xF3;n de gracias.</subfield>
    <subfield code="t">Extractos de El prop&#xF3;sito de la oraci&#xF3;n.</subfield>
    <subfield code="a">El prop&#xF3;sito de la oracion.</subfield>
    <subfield code="t">Extractos de poder por medio de la oraci&#xF3;n.</subfield>
    <subfield code="a">Debemos dedicar mucho tiempo a la oraci&#xF3;n -- La oraci&#xF3;n se&#xF1;ala el liderazgo espiritual -- Los predicadores necesitan las oraciones de los dem&#xE1;s.</subfield>
    <subfield code="t">Extractos de la oraci&#xF3;n y los hombres de oraci&#xF3;n.</subfield>
    <subfield code="a">Santos de oraci&#xF3;n del Antiguo Testamento -- Mois&#xE9;s, el poderoso intercesor -- Pablo, el maestro de la oraci&#xF3;n.</subfield>
    <subfield code="t">Extractos de la realidad de la oraci&#xF3;n.</subfield>
    <subfield code="a">La oraci&#xF3;n: un privilegio magnifico y sagrado -- Jesucristo, el divino Maestro de la oraci&#xF3;n -- La oraci&#xF3;n modelo del Se&#xF1;or.</subfield>
    <subfield code="t">La necesidad de hombres de oraci&#xF3;n -- El ministerio y la oraci&#xF3;n.</subfield>
    <subfield code="a">El ministerio de la oraci&#xF3;n -- La oraci&#xF3;n y su gran alcance -- La respuesta a la oraci&#xF3;n -- La oraci&#xF3;n y la providencia divina.</subfield>
  </datafield>
  <datafield tag="563" ind1=" " ind2=" ">
    <subfield code="a">R&#xFA;stico</subfield>
  </datafield>
  <datafield tag="650" ind1=" " ind2="7">
    <subfield code="9">86</subfield>
    <subfield code="a">Oraci&#xF3;n</subfield>
  </datafield>
  <datafield tag="700" ind1="1" ind2=" ">
    <subfield code="9">1384</subfield>
    <subfield code="a">Powell, David R.</subfield>
    <subfield code="e">traductor</subfield>
  </datafield>
  <datafield tag="942" ind1=" " ind2=" ">
    <subfield code="c">BK</subfield>
  </datafield>
  <datafield tag="945" ind1=" " ind2=" ">
    <subfield code="a">sor1564</subfield>
  </datafield>
  <datafield tag="952" ind1=" " ind2=" ">
    <subfield code="0">0</subfield>
    <subfield code="1">0</subfield>
    <subfield code="2">ddc</subfield>
    <subfield code="4">0</subfield>
    <subfield code="7">0</subfield>
    <subfield code="8">GEN</subfield>
    <subfield code="a">FUSBC</subfield>
    <subfield code="b">FUSBC</subfield>
    <subfield code="d">2023-10-10</subfield>
    <subfield code="l">0</subfield>
    <subfield code="o">G 248.32 B765o</subfield>
    <subfield code="p">22460</subfield>
    <subfield code="r">2023-10-10 00:00:00</subfield>
    <subfield code="t">Ej. 1</subfield>
    <subfield code="w">2023-10-10</subfield>
    <subfield code="y">BK</subfield>
    <subfield code="k">4</subfield>
  </datafield>
  <datafield tag="999" ind1=" " ind2=" ">
    <subfield code="c">69145</subfield>
    <subfield code="d">69145</subfield>
  </datafield>
</record>
